Teología del Antiguo Testamento

محفوظ في:
التفاصيل البيبلوغرافية
المؤلف الرئيسي: Rad, Gerhard von (مؤلف)
التنسيق: كتاب
اللغة:الإسبانية
منشور في: Salamanca Sígueme 1980
الطبعة:4a. ed
سلاسل:Biblioteca de Estudios Bíblicos, 12
الموضوعات:
الوسوم: إضافة وسم
لا توجد وسوم, كن أول من يضع وسما على هذه التسجيلة!

MARC

LEADER 00000nam a2200000 a 4500
001 UCL1236
003 CL-VaPUC
008 030905e19800000SP |||||||||||||||||spa|d
082 0 4 |a 221  |b RAD  |2 21 
100 0 |a Rad, Gerhard von  |e author  |9 478138 
245 1 0 |a Teología del Antiguo Testamento 
250 |a 4a. ed 
300 |a v 
942 |c BK 
945 |d 20030905 00:00:00  |a vberengu 
260 |a Salamanca  |b Sígueme  |c 1980 
500 |a v.2: Teología de las Tradiciones Proféticas de Israel 
650 0 |a Biblia  |9 257603 
650 0 |a Textos sagrados   |9 257605 
650 0 |a Teología   |9 258766 
650 0 |a Antiguo testamento   |9 313678 
583 |a last modification  |c 20030905 00:00:00  |k Rodrigo Vera 
490 0 |a Biblioteca de Estudios Bíblicos, 12 
999 |c 304880  |d 304878 
952 |0 0  |1 2  |4 0  |6 221_000000000000000_RAD_1980  |7 0  |8 A  |9 367697  |a BIBTEO  |b BIBTEO  |d 2019-11-21  |h v.2  |i 2076306  |o 221 RAD 1980  |p 2076306  |r 2019-11-21  |w 2019-11-21  |x Descarte 2019  |y BK  |k ICR 
952 |0 0  |1 0  |4 0  |6 221_000000000000000_RAD_1980  |7 0  |8 A  |9 367698  |a BIBTEO  |b BIBTEO  |d 2019-11-21  |h v.2  |i 312889K  |o 221 RAD 1980  |p 312889K  |r 2025-01-17  |w 2019-11-21  |y BK  |k ICR